Estadísticas para Ciudades Más Grandes de Colombia

Haz click aquí para intentar la prueba.

Estadísticas generales

  • Esta prueba ha sido intentada 1.370 veces
  • La puntuación promedio es 11 de 20

Respuestas en el mapa

Las respuestas están codificadas por una escala verde-roja en el mapa de la prueba según el % correcto abajo.
 

Estadísticas de respuestas

PoblaciónCiudad% Correcto
7.715.800Bogotá
100%
2.490.200Medellín
96%
2.205.700Cali
91%
1.273.600Barranquilla
87%
914.600Cartagena
77%
597.300Bucaramanga
58%
484.000Santa Marta
58%
748.900Cúcuta
52%
305.400Pasto
50%
399.300Pereira
48%
420.900Manizales
43%
502.000Ibagué
42%
297.100Armenia
41%
502.000Villavicencio
41%
395.200Montería
38%
468.200Valledupar
38%
340.500Neiva
36%
749.000Soacha
35%
664.100Soledad
31%
536.400Bello
30%

Distribución de puntuación

Porcentaje por número respondido

Porcentaje de gente con cada puntuación

Historial de tus puntuaciones

No has intentado esta prueba.